| 000 | 00634cam a22002291 4500 | ||
|---|---|---|---|
| 001 | gs 16000661 | ||
| 003 | DLC | ||
| 005 | 20260227111320.0 | ||
| 008 | 720329s1916 xx 000 0 eng | ||
| 010 | _ags 16000661 | ||
| 035 | _a(OCoLC)272834 | ||
| 040 |
_aDLC _cODaWU _dDLC |
||
| 042 | _apremarc | ||
| 050 | 0 | 0 |
_aQE75 _b.B9 no. 650 |
| 100 | 1 |
_aGannett, Samuel S. _q(Samuel Stinson), _d1861-1939. |
|
| 245 | 1 | 0 | _aGeographic tables and formulas. |
| 250 | _a4th ed. | ||
| 260 |
_bGovt. Print. Off., _c1916. |
||
| 300 | _a388 p. | ||
| 410 | 2 | 0 |
_aGeological Survey (U.S.) _tBulletin _v650 |
| 650 | 0 |
_aMathematical geography _xTables. |
|
| 999 |
_c25713 _d25713 |
||